• 首页
  • 本馆介绍
  • 公告通知
  • 最新文献
  • 馆藏检索
  • 电子资源
  • 读者导购
  • 参考咨询
  • 我的图书馆
  • 登录
  • 详细信息显示
  • 放入我的书架
  • 预约/预借图书
  • 作者相关作品
  • 分类相关作品
  • 丛书相关作品
  • 出版社相关作品

书目信息

  • 表格格式
  • 工作单格式
  • 卡片格式
题名:
水晶头骨之谜
    
 
作者: 马顿 , 托马斯 著 ;田力男 , 曾臻 译
分册:  
出版信息: 北京   光明日报出版社  1998.10
页数: 406页
开本: 32开
丛书名:
单 册:
中图分类: K86
科图分类:
主题词: 文物--考古--世界
电子资源:
ISBN: 7-80145-041-8
000 00641nam0 2200217 45
001 1231786998
005 20121013085119.03
010    @a7-80145-041-8@dCNY28.00
100    @a20010228d1998 km y0chiy0120 ea
101 0  @achi
200 1  @a水晶头骨之谜@AShui Jing Tou Gu Zhi Mi@f(英)马顿,托马斯著@F(Ying)Ma Dun,Tuo Ma Si Zhu@g田力男,曾臻译
210    @a北京@c光明日报出版社@d1998.10
215    @a406页@c插图@d32开
606 0  @a文物@x考古@x世界
690    @aK86@v1
701  0 @a马顿@4著
701  0 @a托马斯@4著
702  0 @a田力男@ATian Li Nan@4译
702  0 @a曾臻@ACeng Zhen@4译
801    @aCN@bTSSF@c20010228
905    @a10447@dK86@eJY2:1
    
    水晶头骨之谜/(英)马顿,托马斯著/田力男,曾臻译.-北京:光明日报出版社,1998.10
    406页:插图;32开
    
    
    ISBN 7-80145-041-8:CNY28.00
    
●
相关链接 在E读中查询图书 在五车中查询图书 在当当中查询图书 在豆瓣中查询图书


正题名:水晶头骨之谜     索取号:K86/JY2:1         预约/预借

序号 登录号 条形码 馆藏地/架位号 状态 备注
1 7826659   278266591   学院路分馆/ [索取号:K86/JY2:1] 在馆    
2 7826660   278266608   学院路分馆/ [索取号:K86/JY2:1] 在馆    
3 7826661   278266617   学院路分馆/ [索取号:K86/JY2:1] 在馆    
4 7826662   278266626   学院路分馆/ [索取号:K86/JY2:1] 在馆    
唐山师范学院图书馆 欢迎您!
大连网信软件有限公司© 版权所有